000
00327nam a22001337a 4500
008
230620b xxu||||| |||| 00| 0 eng d
020
_a
0742532542
082
_a
321.80
_b
JOD 1997
245
_a
Journal of Democracy
260
_a
USA
_b
The John Hopkins University Press
_c
1997
300
_a
189p
440
_v
8
942
_2
ddc
_c
BK
999
_c
1671
_d
1671